تاريخ العرب القديم وعصر الرسول
| Main Author: | |
|---|---|
| Format: | Book |
| Published: |
Bayrut :
Dar al-Fikr ,
1983
|
| Series: | سلسلة تاريخ العرب والاسلام
1 |
| Subjects: |
MARC
| LEADER | 00000cam a2200000 7i4500 | ||
|---|---|---|---|
| 001 | 0000007966 | ||
| 005 | 20161228093000.0 | ||
| 008 | 021119s1983 | ||
| 090 | 0 | 0 | |a DS38 |b .A64 |
| 100 | 0 | |a عاقل، نبيه , |e author | |
| 241 | 2 | 0 | |a Tarikh al-Arab al-qadim wa-asr al-Rasul |
| 245 | 1 | 0 | |a تاريخ العرب القديم وعصر الرسول |c نبيه عاقل |
| 260 | 2 | |a Bayrut : |b Dar al-Fikr , |c 1983 | |
| 300 | |a 574 p. ; |c 24 cm. | ||
| 440 | 0 | 0 | |a سلسلة تاريخ العرب والاسلام |v 1 |
| 651 | 0 | |a Arabian Peninsula |x History | |
| 999 | |a 1000069918 |b Book |c OPEN SHELF (30 DAYS) |e Gong Badak Campus | ||